El cementerio de Praga (Registro nro. 7005)

Detalles MARC
000 - LÍDER
campo de control de longitud fija 01096nam a2200313Ia 4500
005 - FECHA Y HORA DE LA ÚLTIMA TRANSACCIÓN
campo de control 20210727153358.0
008 - ELEMENTOS DE DATOS DE LONGITUD FIJA - INFORMACIÓN GENERAL
campo de control de longitud fija 161108s2010 c a g 000 f s
020 ## - INTERNATIONAL STANDARD BOOK NUMBER
International Standard Book Number 9789588639116
040 ## - FUENTE DE CATALOGACIÓN
Agencia de catalogación original CO-BoRNBP
Lenguaje de catalogación spa
Descripción convenciones rda
Agencia de transcripción CO-BoRNBP
084 ## - OTRO NÚMERO DE CLASIFICACIÓN
Número de clasificación N ECO1
100 1# - ENTRADA PRINCIPAL - NOMBRE PERSONAL
Nombre de la persona Eco, Umberto
Fechas asociadas a un nombre 1932-2016
245 13 - TÍTULO DECLARACIÓN
Título El cementerio de Praga
Declaración de responsabilidad Umberto Eco ; traducción de Helena Lozano Miralles
250 ## - DECLARACIÓN DE EDICIÓN
Sentencia de edición Primera edición
264 ## - AVISO DE PRODUCCIÓN, PUBLICACIÓN, DISTRIBUCIÓN, FABRICACIÓN Y DERECHOS DE AUTOR
Lugar de producción Bogotá
Nombre del productor Lumen
Fecha de producción 2010
300 ## - DESCRIPCIÓN FÍSICA
Alcance 587 páginas
Otros datos físicos ilustraciones en blanco y negro
Dimensiones 21 cm
336 ## - TIPO DE CONTENIDO
Tipo de contenido texto
Código de tipo de contenido txt
Fuente rdacontent
337 ## - TIPO DE MEDIO
Término del tipo de medio sin mediación
Código de tipo de medio n
Fuente rdamedia
338 ## - TIPO DE PORTADOR
Término del tipo de operador volumen
Código de tipo de operador nc
Fuente rdacarrier
490 ## - DECLARACIÓN EN SERIE
Estado de cuenta de la serie Futura
500 ## - NOTA GENERAL
Nota general Incluye referencias iconográficas y datos biográficos del autor
534 ## - NOTA DE VERSIÓN ORIGINAL
Declaración de título del original Il cimitero di praga
650 14 - ENTRADA DE SUJETO AÑADIDO - TÉRMINO TÓPICO
Fuente del título o término LEMB
Término tópico o elemento de entrada del nombre geográfico Novela italiana
Subdivisión cronológica Siglo XX
650 14 - ENTRADA DE SUJETO AÑADIDO - TÉRMINO TÓPICO
Fuente del título o término LEMB
Término tópico o elemento de entrada del nombre geográfico Literatura italiana
Subdivisión cronológica Siglo XX
650 14 - ENTRADA DE SUJETO AÑADIDO - TÉRMINO TÓPICO
Fuente del título o término LEMB
Término tópico o elemento de entrada del nombre geográfico Detectives en la literatura
650 14 - ENTRADA DE SUJETO AÑADIDO - TÉRMINO TÓPICO
Fuente del título o término LEMB
Término tópico o elemento de entrada del nombre geográfico Intriga en la literatura
650 14 - ENTRADA DE SUJETO AÑADIDO - TÉRMINO TÓPICO
Fuente del título o término LEMB
Término tópico o elemento de entrada del nombre geográfico Política en la literatura
700 1# - ENTRADA AGREGADA - NOMBRE PERSONAL
Nombre de la persona Lozano Miralles, Helena
Término del Relator traductora
942 ## - ELEMENTOS DE ENTRADA AGREGADOS (KOHA)
Fuente de clasificación o esquema de estanterías
Tipo de artículo Koha Literartura
Existencias
Estado de retirada Pérdida de estatus Fuente de clasificación o esquema de estanterías Estado dañado No para préstamo Código de recogida Ubicación permanente Ubicación actual Ubicación de las estanterías Fecha de adquisición Fuente de adquisición Total de Cajas Número Topográfico Código de barras Precio efectivo desde Número de copia Fecha de la última vez que se vio Tipo de artículo Koha
    Dewey Decimal Classification     General Biblioteca Pública Municipal Francisco Jaramillo Ochoa Biblioteca Pública Municipal Francisco Jaramillo Ochoa Área General 29/08/2023 Dotación Min. Cultura   N ECO1 LAVI - 0934 29/08/2023 Ej. 1 29/08/2023 Literartura
    Dewey Decimal Classification     General Biblioteca Pública Municipal León de Greiff Biblioteca Pública Municipal León de Greiff Área General 07/04/2022 Dotación Ministerio de Cultura   N ECO1 MAR11 - 0102 07/04/2022 Ej, 1 07/04/2022 Literartura